| 000 | 00559cam a22002291 4500 | ||
|---|---|---|---|
| 001 | 6040526 | ||
| 005 | 20180224032217.0 | ||
| 008 | 730112s1954 nyua b 000 0 eng | ||
| 010 | _a 53011478 | ||
| 015 | _aGB54-14640 | ||
| 035 | _a(OCoLC)536794 | ||
| 040 |
_aDLC _cOAkU _dInU-D _dMnDuStS _dUk _dDLC |
||
| 041 | _aeng | ||
| 080 | _a136.7 | ||
| 082 | 0 | _a136.7 FOR | |
| 100 | 1 | _a49 | |
| 101 | _aPSI | ||
| 245 | 1 | 0 | _aChild development. |
| 504 | _aIncludes bibliographies. | ||
| 906 |
_a7 _bcbc _coclcrpl _du _encip _f19 _gy-gencatlg |
||
| 942 |
_2ddc _cBK |
||
| 999 |
_c43354 _d43354 |
||